书目信息 |
| 题名: |
中级会计实务历年真题全解
|
|
| 作者: | ;中华会计网校 编 | |
| 分册: | 2019 | |
| 出版信息: | 北京 人民出版社 2019 |
|
| 页数: | 135页 | |
| 开本: | 24cm | |
| 丛书名: | 梦想成真系列辅导丛书 | |
| 单 册: | ||
| 中图分类: | F233-44 | |
| 科图分类: | ||
| 主题词: | 会计实务--hui ji shi wu--资格考试--题解 | |
| 电子资源: | ||
| ISBN: | 978-7-01-020442-0 | |
| 000 | 01015oam2 2200265 450 | |
| 001 | 2160512020 | |
| 005 | 20210930165639.48 | |
| 010 | @a978-7-01-020442-0@dCNY28.00 | |
| 100 | @a20190527d2019 em y0chiy0120 ea | |
| 101 | 0 | @achi |
| 102 | @aCN@b110000 | |
| 105 | @ay zq 000yy | |
| 106 | @ar | |
| 200 | 1 | @a中级会计实务历年真题全解@Azhong ji hui ji shi wu li nian zhen ti quan jie@h2019@f中华会计网校编 |
| 210 | @a北京@c人民出版社@d2019 | |
| 215 | @a135页@d24cm | |
| 225 | 2 | @a梦想成真系列辅导丛书@Ameng xiang cheng zhen xi lie fu dao cong shu |
| 300 | @a2019年度全国会计专业技术资格考试 2019年度中级会计职称梦想成真系列 | |
| 330 | @a本书共收录5套2014-2018年度全国会计专业技术资格考试中级会计资格《中级会计实务》试题,并附参考答案及详细解析。 | |
| 461 | 0 | @12001 @a梦想成真系列辅导丛书 |
| 606 | 0 | @a会计实务@Ahui ji shi wu@x资格考试@j题解 |
| 690 | @aF233-44@v5 | |
| 711 | 02 | @a中华会计网校@Azhong hua hui ji wang jiao@4编 |
| 801 | 0 | @aCN@b百万庄@c20210926 |
| 905 | @b1300663-66@dF233-44@e629(2019)@f4 | |
| 中级会计实务历年真题全解.2019/中华会计网校编.-北京:人民出版社,2019 |
| 135页;24cm.-(梦想成真系列辅导丛书) |
| 2019年度全国会计专业技术资格考试 2019年度中级会计职称梦想成真系列 |
| ISBN 978-7-01-020442-0:CNY28.00 |
| 本书共收录5套2014-2018年度全国会计专业技术资格考试中级会计资格《中级会计实务》试题,并附参考答案及详细解析。 |
| ● |
| 相关链接 |
|
|
|
|
正题名:中级会计实务历年真题全解
索取号:F233-44/629(2019)
 
预约/预借
| 序号 | 登录号 | 条形码 | 馆藏地/架位号 | 状态 | 备注 |
| 1 | 1300663 | 213006637 | 第一样本阅览室/ [索取号:F233-44/629(2019)] | 在馆 | |
| 2 | 1300664 | 213006646 | 第一借阅区/ [索取号:F233-44/629(2019)] | 在馆 | |
| 3 | 1300665 | 213006655 | 第一借阅区/ [索取号:F233-44/629(2019)] | 在馆 | |
| 4 | 1300666 | 213006664 | 第一借阅区/ [索取号:F233-44/629(2019)] | 在馆 |